Normal view MARC view

Entry Nombre personal

Number of records used in: 2

001 - NÚMERO DE CONTROL

  • campo de control: 150798

003 - IDENTIFICADOR DE NÚMERO DE CONTROL

  • campo de control: SpMaBN

005 - FECHA Y HORA DE LA ÚLTIMA TRANSACCIÓN

  • campo de control: 20231226181042.0

008 - ELEMENTOS DE DATO DE LONGITUD-FIJA

  • campo de control de longitud fija: 930725nn ainnnaabn a aaa

016 ## - NÚMERO DE CONTROL DE UNA AGENCIA BIBLIOGRÁFICA NACIONAL

  • Número de control del registro: BNE19997402575

024 7# - IDENTIFICADOR DE OTROS ESTÁNDARES

  • Número estándar o código: http://viaf.org/viaf/87113196/
  • Fuente: viaf

024 8# - IDENTIFICADOR DE OTROS ESTÁNDARES

  • Número estándar o código: https://data.cervantesvirtual.com/person/65959

040 ## - FUENTE DE CATALOGACIÓN

  • Centro catalogador/agencia de origen: SpMaBN
  • Lengua de catalogación: spa
  • Centro/agencia transcriptor: SpMaBN
  • Normas de descripción: rdc
  • Convención/Normas de encabezamiento de materia/tesauro: embne

046 ## - FECHAS CON CODIFICACIÓN ESPECIAL

  • Fecha de nacimiento: 1809
  • Fecha de la muerte: 1890

100 1# - ENCABEZAMIENTO-NOMBRE DE PERSONA

  • Nombre de persona: Moyano, Claudio,
  • Fechas asociadas al nombre: 1809-1890

370 ## - LUGAR ASOCIADO

  • Lugar de nacimiento: Fuentelapeña
  • Número de control del registro de autoridad o número normalizado: XX4889284
  • Fuente de información: Wikidata

373 ## - GRUPO ASOCIADO

  • Grupo asociado: Real Academia de Ciencias Morales y Políticas
  • Grupo asociado: Real Academia de Jurisprudencia y Legislación
  • Fuente de información: Wikidata

373 ## - GRUPO ASOCIADO

  • Grupo asociado: Ateneo de Madrid
  • Fuente de información: Galería de Retratos (2018)

374 ## - OCUPACIÓN

  • Ocupación: Politicos
  • Fuente de información: Wikidata

375 ## - GÉNERO/SEXO

  • Género: Masculino
  • Fuente de información: Wikidata

377 ## - IDIOMA ASOCIADO

  • Término de lengua/lenguaje: Español

400 1# - TRAZADO DE VÉASE--NOMBRE DE PERSONA

  • Nombre de persona: Moyano y Samaniego, Claudio,
  • Fechas asociadas al nombre: 1809-1890

670 ## - FUENTE DE DATOS ENCONTRADOS

  • Cita de la fuente: Discurso pronunciado por D. Claudio Moyano en el Congreso de los Diputados el 12 de junio de 1875

670 ## - FUENTE DE DATOS ENCONTRADOS

  • Cita de la fuente: Espasa
  • Información encontrada: (Moyano y Samaniego, Claudio; n. 1809, Bóveda de Toro-m. 1890, Madrid; abogado, catedrático, político y pedagogo)

678 ## - DATOS BIOGRÁFICOS O HISTÓRICOS

  • Datos biográficos o históricos: Socio del Ateneo de Madrid
  • Ampliación de la nota: Fuente: Galería de Retratos (2018)